000 00629nam a2200241Ia 4500
003 OSt
005 20221005133103.0
006 a|||||r|||| 00| 0
007 ta
008 221004b |||||||| |||| 00| 0 hin d
024 _a59448
037 _cTextual
040 _aCRL
_cCRL
_bhin
041 _2hin
_ahin
082 _aO152,1H50:g, 33L9
100 _aKrishnakumar C.P. Tr.
_9605529
245 0 _aVidyapati
260 _c1979
650 _a HINDI POETRY
_97134
650 _aHINDI LITERATURE
_923866
942 _hO152,1H50:g, 33L9
_cTEXL
_2cc
999 _c1065688
_d1065688